[Event "Smuk Skak GM 2022"]
[Site "Skanderborg"]
[Date "2022.08.21"]
[Round "9"]
[White "Ovsejevitsch, Sergei"]
[Black "Solodovnichenko, Yuri"]
[Result "1/2-1/2"]
[WhiteElo "2581"]
[BlackElo "2508"]
[PlyCount "48"]
[EventDate "2022.08.13"]
[EventType "tourn"]
[EventRounds "9"]
[EventCountry "DEN"]

1. d4 d5 2. c4 dxc4 3. e3 e6 4. Bxc4 Nf6 5. Nf3 c5 6. O-O a6 7. Nc3 b5 8. Be2
cxd4 9. exd4 Bb7 10. Ne5 Nc6 11. Bf3 Rc8 12. a4 b4 13. Ne4 Nxe4 14. Bxe4 Be7
15. Be3 O-O 16. Rc1 Nxe5 17. Bxb7 Rxc1 18. Bxc1 Qb6 19. Bxa6 Qxa6 20. dxe5 Rd8
21. Qc2 Rc8 22. Qd1 Rd8 23. Qc2 Rc8 24. Qd1 Rd8 1/2-1/2